Movies Quiz

Random Movies or Oscar Quiz

Oscar Best Picture Nominations (70s) Quiz Stats

Quiz not verified by Sporcle

Challenge
Share
Tweet
Embed
Score 0/50 Timer 12:00
0 Plays Today
Year Film % Correct
1972The Godfather*
99.2%
1974The Godfather: Part II*
98.8%
1976Rocky*
96.7%
1979Kramer vs. Kramer*
96.7%
1973The Sting*
95.5%
1978The Deer Hunter*
95.1%
1977Annie Hall*
94.7%
1970Patton*
93.8%
1971The French Connection*
93.4%
1975One Flew Over The Cuckoo's Nest*
93.4%
1977Star Wars
87.2%
1975Jaws
86.8%
1979Apocalypse Now
85.2%
1976Network
81.5%
1976Taxi Driver
79.8%
1975Dog Day Afternoon
79.4%
1972Cabaret
78.6%
1973The Exorcist
77%
1978Coming Home
76.1%
1974The Conversation
75.3%
1976All The President's Men
74.9%
1971A Clockwork Orange
74.5%
1974Chinatown
72.8%
1970MASH
71.6%
1970Five Easy Pieces
65.4%
Year Film % Correct
1970Love Story
64.6%
1975Nashville
64.6%
1977The Goodbye Girl
62.6%
1979All That Jazz
62.6%
1970Airport
62.1%
1975Barry Lyndon
61.3%
1977The Turning Point
60.5%
1977Julia
59.7%
1973American Graffiti
58.4%
1971The Last Picture Show
58%
1974The Towering Inferno
58%
1972Deliverance
56.8%
1979Norma Rae
56%
1971Fiddler On The Roof
54.3%
1974Lenny
54.3%
1973Cries And Whispers
47.7%
1978Heaven Can Wait
47.7%
1978Midnight Express
47.3%
1979Breaking Away
47.3%
1978An Unmarried Woman
45.3%
1976Bound For Glory
44.9%
1972Sounder
42.8%
1972The Emigrants
42%
1973A Touch Of Class
39.9%
1971Nicholas And Alexandra
37.4%

You're not logged in!

Compare scores with friends on all Sporcle quizzes.
Join for Free
OR
Log In

You Might Also Like...

Show Comments

Extras

Top Quizzes Today


Score Distribution

Your Account Isn't Verified!

In order to create a playlist on Sporcle, you need to verify the email address you used during registration. Go to your Sporcle Settings to finish the process.

Report this User

Report this user for behavior that violates our Community Guidelines.

Details: